| 000 | 01497nam a22002657a 4500 | ||
|---|---|---|---|
| 003 | Uzh_bibl | ||
| 008 | 260324b |||||||| |||| 00| 0 ukr d | ||
| 020 |
_a966-524-078-1 _c14,00 |
||
| 040 | _bукр. | ||
| 041 |
_2ukr _aukr |
||
| 080 | _a340.15 | ||
| 090 |
_a340.15 _bК 89 |
||
| 100 | _aКузьминець Олксандр | ||
| 245 |
_aІсторія держави і права України _cРец. Слюсаренко А.Г. Андрусишин Б.І. _hТекст |
||
| 260 |
_aКиїв _b"Україна" _c2000 |
||
| 300 |
_a429 с. _fВ опр. |
||
| 520 | _aУ навчальному посібнику висвітлюється державний устрій, суспільно-політичний лад та право України, починаючи з найдавніших часів і до наших днів, розглядаються джерела українського права, розвиток державно-правових інституцій. | ||
| 521 | _aДля широкого кола читачів | ||
| 546 | _aукр. | ||
| 650 | _aНавчальне видання | ||
| 653 |
_aПерші державні утворення на території України та їхнє право _aДержава і право Руси-України |
||
| 655 |
_aНавчальна література _vПосібник |
||
| 700 | _aКалиновський Валерій; Дігтяр Петро | ||
| 942 |
_2udc _cBK |
||
| 999 |
_c17169 _d17169 |
||